000 00672nam a22002297a 4500
005 20170124110008.0
010 _aA-410879
020 _c00.00
035 _aA-410879
037 _bCen Lib/Ret
040 _aDPL
_bEN
082 _a351.0072
_bNAT
245 _aNational policy studies /
_cedited by Subhash C. Kashyap
260 _aNew Delhi
_bTata McG-raw hill company
_c1990
270 _bNew Delhi
_a4/12, Asaf ali road
300 _axvii,770
_c22cm(Hb)
500 _aIncludes index
650 _aPublic administarion
_917171
650 _aNational policy
_917172
700 _aKashyap, Subhash C.
_98440
942 _2ddc
_cEN
_h351.0072
_mNAT
999 _c126298
_d126298